| 000 | 01284 a2200229 4500 | ||
|---|---|---|---|
| 001 | 10509 | ||
| 005 | 20260407155439.0 | ||
| 008 | 260407a2011 arg spa d | ||
| 003 | AR-UNSa-BCEJYS | ||
| 040 |
_aAR-UNSa-BCEJYS _bspa _cAR-UNSa-BCEJYS |
||
| 080 |
_a658.16 _xReorganización financiera (Proyectos de inversión) |
||
| 245 | 1 | 0 |
_aProyectos de inversión _pformulación y evaluación |
| 020 | _a978-956-343-106-3 | ||
| 250 | _a2a. ed. | ||
| 264 | 1 |
_aSantiago de Chile : _bPearson Educación _c2011 |
|
| 300 |
_a544 p. _c27 cm. |
||
| 505 | _a1. Conceptos introductorios - 2. Estudio del mercado - 3. Técnicas de predicción - 4. Estudio técnico del proyecto - 5. Aspectos tributarios y administrativos - 6. Costos e inversiones - 7. Cálculo de beneficios del proyecto - 8. Cómo construir los flujos de caja - 9. Cálculo y análisis de la rentabilidad - 10. Riesgo e incertidumbre - 11. Cómo calcular el costo de capital - 12. Análisis para la optimización - 13. Proyectos en empresas en marcha - 14. Estudio de casos | ||
| 942 | _cBK | ||
| 590 | _aniveau_biblio:m niveau_hierar:0 | ||
| 100 | 1 | _aSapag Chain, Nassir | |
| 856 | 4 | 1 |
_uhttps://biblioeco.unsa.edu.ar/pmb/images/libros/Proyectos de inversion formulacion y evaluacion2-l118812.jpg _yImagen de portada _qimage/jpeg |
| 999 |
_c471 _d471 |
||